000 00483nam a22001457a 4500
008 151208b xxu||||| |||| 00| 0 eng d
020 _a9780802824950
050 _aBV5080.J64 H398
100 _aHerrera, Robert A.
_98488
245 _aSilent music:
_bthe life, work, and thought of St John of the cross
_c/by Robert A. Herrera
260 _aCambridge
_bWM. B. Eerdmans
_c2004
300 _a166p. ;
_c23cm.
650 _aJohn of the cross, St.
_921243
942 _2lcc
_cMONOGRAPH
999 _c123846
_d123846